000 00468nam a2200181Ia 4500
001 8353
005 20260306160603.0
008 260306t2006||||xx |||||||||||||| ||spa||
041 _aESP
082 _a370.6
_bK42
100 _aKeogh, Barbara K.
_eAUT
245 0 _aTemperamento y rendimiento escolar:
_bqué es, cómo influye, cómo se valora
260 _c2006
300 _a160 páginas :
_c24 cm.
650 _aGEN
654 _aCED
942 _cLIB
_dJUS
_fJUS
_2ddc
_n
999 _c8353
_d8353